000 00579cam a22002053a 4500
001 45168
003 PGUSA
005 20140828084031.0
008 140318s2014||||xxu|||||s|||||000 | eng d
040 _aPGUSA
_beng
042 _adc
100 1 _aArthington, Maria
245 1 0 _aRhymes for Harry and His Nurse-Maid
_h[electronic resource] /
_cMaria Arthington
260 _bProject Gutenberg,
_c2014
506 _aPublic domain in the USA.
516 _aElectronic text
830 0 _aProject Gutenberg
_v45168
856 4 0 _uhttp://www.gutenberg.org/ebooks/45168
942 _cEB
999 _c274419
_d274419